[Event "Hull 4NCL Congress"]
[Site "Canham Turner Centre"]
[Date "2023.09.10"]
[Round "5"]
[Board "9"]
[White "Carroll, Thomas"]
[Black "Pal, Rohan"]
[Result "1-0"]
[WhiteElo "2048"]
[BlackElo "1910"]
[PlyCount "0"]
[EventDate "2023.09.08"]
[EventRounds "5"]
[EventCountry "ENG"]

1. d4 d5 2. c4 e6 3. Nc3 Nf6 4. cxd5 exd5 5. Bg5 c6 6. e3 Bd6 7. Bd3 O-O 8. Qc2 h6
9. Bh4 Re8 10. Nge2 a5 11. h3 Na6 12. a3 Nc7 13. O-O Ne6 14. Bg3 Ng5 15. Bxd6 Qxd6
16. Nf4 Nge4 17. Nxe4 dxe4 18. Bc4 Bf5 19. Rac1 g5 20. Ne2 Qd7 21. Ng3 Bg6 22. Rfd1
h5 23. Be2 h4 24. Nf1 Bf5 25. Nh2 Kh8 26. d5 Nxd5 27. Rd4 Qe7 28. Rcd1 Nf6 29. R1d2
Qe5 30. Qd1 Be6 31. Ng4 Nxg4 32. Bxg4 f5 33. Be2 Kg7 34. Qc2 Re7 35. Bc4 Rf8 36.
Bxe6 Qxe6 37. Rd6 Qe5 38. Qd1 Rf6 39. Rd8 g4 40. hxg4 f4 41. exf4 Qxf4 42. R8d7 Rxd7
43. Rxd7+ Kg6 44. Qe2 Qc1+ 45. Rd1 Qf4 46. Re1 Re6 47. Qc2 Qxg4 48. f3 Qg3 49. Rxe4
Rxe4 50. Qxe4+ Kh6 51. Qe3+ Qg5 52. Kf2 Kg6 53. f4 Qf6 54. Qd3+ Kh6 55. Qd2 Qg6 56.
Qc3 Kh7 57. Qe5 Qc2+ 58. Kg1 Qd1+ 59. Kh2 Qg4 60. Qe3 Kg7 61. Qe5+ Kf7 62. f5 b5
63. Qc7+ Kf8 64. Qc8+ Kf7 65. Qc7+ Kf8 66. Qd6+ Kf7 67. Qe6+ Kf8 68. Qf6+ Kg8 69.
Qe5 Kf7 70. Qe6+ Kf8 71. Qd6+ Kf7 72. Qc7+ Kf8 73. f6 Qg3+ 74. Qxg3 hxg3+ 75. Kxg3
Kf7 76. Kf4 Kxf6 77. Ke4 Ke6 78. g4 Kf6 79. Kd4 b4 80. a4 Kg5 81. Kc5 Kxg4 82. Kxc6
Kf4 83. Kb5 Ke4 84. Kxa5  1-0

[Event "Hull 4NCL Congress"]
[Site "Canham Turner Centre"]
[Date "2023.09.10"]
[Round "5"]
[Board "10"]
[White "Bedi, Adam"]
[Black "Ther, Mate"]
[Result "0-1"]
[WhiteElo "1841"]
[BlackElo "1988"]
[PlyCount "0"]
[EventDate "2023.09.08"]
[EventRounds "5"]
[EventCountry "ENG"]

1. d4 Nf6 2. c4 e6 3. Nf3 d5 4. g3 dxc4 5. Bg2 Bb4+ 6. Bd2 Bd6 7. Qc2 c6 8. Qxc4
Qc7 9. Nc3 O-O 10. e4 e5 11. dxe5 Bxe5 12. Nxe5 Qxe5 13. O-O Qh5 14. Qe2 Bg4 15.
f3 Be6 16. Rfd1 Nbd7 17. Be3 Rfd8 18. Qf2 b6 19. Qd2 h6 20. Ne2 Ne5 21. Qxd8+ Rxd8
22. Rxd8+ Kh7 23. Nd4 Neg4 24. fxg4 Nxg4 25. Bf2 Qxh2+ 26. Kf1 Bc4+ 27. Ne2 Bxe2+
28. Kxe2 Qxg2 29. Rf1 Qxe4+ 30. Kd2 Qb4+ 31. Kd1 Qc4 32. Ke1 Nh2 33. Rd4 Qxf1+  0-1

[Event "Hull 4NCL Congress"]
[Site "Canham Turner Centre"]
[Date "2023.09.10"]
[Round "5"]
[Board "11"]
[White "Okhai, Shabir"]
[Black "Zhu, Yaoyao"]
[Result "1/2-1/2"]
[WhiteElo "2105"]
[BlackElo "1957"]
[PlyCount "0"]
[EventDate "2023.09.08"]
[EventRounds "5"]
[EventCountry "ENG"]

1. e4 e5 2. Nf3 Nc6 3. Bc4 Nf6 4. d3 h6 5. O-O d6 6. c3 g6 7. Nbd2 Bg7 8. d4 O-O
9. h3 exd4 10. cxd4 d5 11. exd5 Nxd5 12. Nb3 a5 13. Bb5 Nce7 14. Nc5 b6 15. Nd3 Ba6
16. Bxa6 Rxa6 17. a4 Ra8 18. Nde5 Qd6 19. Bd2 Nc6 20. Nxc6 Qxc6 21. Rc1 Qd6 22. Rc4
Rac8 23. Qc1 Kh7 24. Rc6 Qd8 25. Bf4 Nb4 26. Rxc7 Nd3 27. Rxc8 Qxc8 28. Qd2 Nxf4
29. Qxf4 Qc2 30. d5 Qxb2 31. Qe4 Qb4 32. Qc2 Qd6 33. Rd1 Rd8 34. Qc4 Rd7  1/2-1/2

[Event "Hull 4NCL Congress"]
[Site "Canham Turner Centre"]
[Date "2023.09.10"]
[Round "5"]
[Board "12"]
[White "Burnett, Jim"]
[Black "Chan, Sheng Liang Bernard"]
[Result "1-0"]
[WhiteElo "2008"]
[BlackElo "2090"]
[PlyCount "0"]
[EventDate "2023.09.08"]
[EventRounds "5"]
[EventCountry "ENG"]

1. d4 Nf6 2. c4 e6 3. Nf3 d5 4. Nc3 c6 5. Bg5 Be7 6. e3 O-O 7. Rc1 Nbd7 8. Bd3 dxc4
9. Bxc4 b5 10. Bd3 Bb7 11. O-O a6 12. Bxf6 Bxf6 13. Ne4 Be7 14. Qc2 f5 15. Nc5 Bxc5
16. dxc5 Qf6 17. e4 f4 18. e5 Nxe5 19. Nxe5 Qxe5 20. Bxh7+ Kh8 21. Rfe1 Qf6 22. Be4
Rad8 23. Rcd1 e5 24. Rxd8 Rxd8 25. Rd1 Rd4 26. Qe2 g6 27. Rxd4 exd4 28. Qg4 Kg7 29.
Qd7+ Qf7 30. Qxd4+ Kh7 31. h4 Bc8 32. h5 Bf5 33. hxg6+ Qxg6 34. Bf3 Bg4 35. Qxf4
Bxf3 36. Qxf3 Qb1+ 37. Kh2 Qxb2 38. Qxc6 Qxf2 39. Qc7+ Kh6 40. Qe5 Qh4+ 41. Kg1 Qc4
42. Qf6+ Kh7 43. c6 b4 44. Qd6 Qc1+ 45. Kh2 Qe1 46. Qf4 Qe8 47. Qf5+ Kg7 48. c7  1-0

[Event "Hull 4NCL Congress"]
[Site "Canham Turner Centre"]
[Date "2023.09.10"]
[Round "5"]
[Board "13"]
[White "Cooper, John G"]
[Black "Rich, Ben S"]
[Result "1-0"]
[WhiteElo "2107"]
[BlackElo "1835"]
[PlyCount "0"]
[EventDate "2023.09.08"]
[EventRounds "5"]
[EventCountry "ENG"]

1. e4 c5 2. Nf3 d6 3. Bb5+ Bd7 4. Bxd7+ Nxd7 5. O-O Ngf6 6. Qe2 Qc7 7. c3 a6 8. d4
e6 9. e5 dxe5 10. dxe5 Nd5 11. c4 Nb4 12. Bf4 Be7 13. Nc3 O-O 14. Rad1 Rfd8 15. Qe4
Nf8 16. h4 h5 17. a3 Nc6 18. Nd5 exd5 19. cxd5 Nxe5 20. Bxe5 Bd6 21. Bc3 Qd7 22.
Ng5 Qg4 23. Qxg4 hxg4 24. Ne4 f5 25. Nxd6 Rxd6 26. Rfe1 Rad8 27. Re5 g6 28. h5 Kf7
29. Rde1 R8d7 30. h6 Rxd5 31. Re8 Rd1 32. Rc8 Rxe1+ 33. Bxe1 Nh7 34. Bc3 Nf6 35.
Rh8 g3 36. fxg3 Rd1+ 37. Kf2 Ne4+ 38. Ke2 Nxc3+ 39. bxc3 Rh1 40. Rh7+ Ke6 41. Rxb7
Rxh6 42. c4 Ke5 43. Rd7 Rh1 44. Rd5+ Ke4 45. Rxc5 Ra1 46. Ra5 Ra2+ 47. Kf1 Ra1+ 48.
Kf2 Rc1 49. Rxa6 Rxc4 50. Rxg6 Ra4 51. Re6+ Kd5 52. Re3 Kd6 53. Rf3 Ke5 54. Ke2 Rc4
55. Kf2 Rc2+ 56. Kg1 Ra2 57. Kh2 Ra1 58. Rb3 Kf6 59. Rb6+ Ke5 60. Ra6 Kd4 61. Ra4+
Ke5 62. Ra8 Kd6 63. a4 Kc6 64. Ra5 Kd6 65. Ra6+ Kc7 66. a5 Kb7 67. Rb6+ Kc7 68. Rb5
Rf1 69. a6 Kc6 70. Ra5  1-0

[Event "Hull 4NCL Congress"]
[Site "Canham Turner Centre"]
[Date "2023.09.10"]
[Round "5"]
[Board "14"]
[White "Buanne, Luca"]
[Black "Mize, Dylan"]
[Result "1/2-1/2"]
[WhiteElo "1898"]
[BlackElo "1790"]
[PlyCount "0"]
[EventDate "2023.09.08"]
[EventRounds "5"]
[EventCountry "ENG"]

1. e4 c6 2. d4 d5 3. e5 Bf5 4. h4 h5 5. Bd3 Bxd3 6. Qxd3 e6 7. Bg5 Qd7 8. Nf3 c5
9. c3 Nc6 10. a3 c4 11. Qc2 Nge7 12. Bxe7 Nxe7 13. b3 cxb3 14. Qxb3 Nc6 15. Nbd2
Na5 16. Qb1 Rc8 17. Qd3 Be7 18. O-O Qc6 19. Rfc1 Nc4 20. a4 g6 21. Nxc4 Qxc4 22.
Qb1 Rc7 23. Nd2 Qc6 24. c4 Bxh4 25. cxd5 Qxc1+ 26. Qxc1 Rxc1+ 27. Rxc1 exd5 28. Rc7
O-O 29. Rxb7 Rc8 30. Rxa7 Rc2 31. Nf3 Bxf2+ 32. Kf1 Be3 33. Rd7 Rf2+ 34. Ke1 Rxg2
35. Rxd5 g5 36. e6 fxe6 37. Re5 Bf4 38. Re2 Rxe2+ 39. Kxe2 Kf8 40. a5 Bc7 41. a6
Bb6 42. Nxg5 Ke7 43. Kd3 h4 44. Ke4 Kd6 45. Kf4  1/2-1/2

[Event "Hull 4NCL Congress"]
[Site "Canham Turner Centre"]
[Date "2023.09.10"]
[Round "5"]
[Board "15"]
[White "Sheppard, Derek A"]
[Black "Ackley, Peter"]
[Result "0-1"]
[WhiteElo "1664"]
[BlackElo "1935"]
[PlyCount "0"]
[EventDate "2023.09.08"]
[EventRounds "5"]
[EventCountry "ENG"]

1. d4 d6 2. Bf4 g6 3. e3 Bg7 4. Nf3 Nd7 5. h3 e5 6. Bh2 Nh6 7. Be2 f5 8. O-O Qe7
9. c4 Nf7 10. Nc3 c6 11. b4 O-O 12. Rb1 Nf6 13. Rb3 e4 14. Ne1 Be6 15. b5 c5 16.
Nc2 Rfc8 17. d5 Bd7 18. f3 exf3 19. Bxf3 Ne5 20. Qe2 Re8 21. e4 fxe4 22. Nxe4 Nxf3+
23. gxf3 Bxh3 24. Re1 Nxe4 25. fxe4 Bd7  0-1

[Event "Hull 4NCL Congress"]
[Site "Canham Turner Centre"]
[Date "2023.09.10"]
[Round "5"]
[Board "16"]
[White "Collinson, Mark I"]
[Black "Samarakoon, Vivash"]
[Result "1/2-1/2"]
[WhiteElo "1818"]
[BlackElo "1784"]
[PlyCount "0"]
[EventDate "2023.09.08"]
[EventRounds "5"]
[EventCountry "ENG"]

1. d4 Nf6 2. c4 e5 3. dxe5 Ng4 4. Nf3 Bc5 5. e3 Nc6 6. Nc3 Ngxe5 7. Be2 d6 8. O-O
O-O 9. Bd2 a5 10. Ne4 Bb6 11. Bc3 Re8 12. Nxe5 Nxe5 13. c5 Nd7 14. cxb6 Rxe4 15.
bxc7 Qxc7 16. Bf3 Re8 17. Qd4 Ne5 18. Be2 f6 19. Rfd1 Rd8 20. Rac1 Be6 21. b3 Nc6
22. Qd2 Qf7 23. Bb5 Qh5 24. Be2 Qf7 25. Bb5 Qh5  1/2-1/2

[Event "Hull 4NCL Congress"]
[Site "Canham Turner Centre"]
[Date "2023.09.10"]
[Round "5"]
[Board "17"]
[White "Brencher, Paul"]
[Black "Larchikov, Maksym"]
[Result "1/2-1/2"]
[WhiteElo "1879"]
[BlackElo "1829"]
[PlyCount "0"]
[EventDate "2023.09.08"]
[EventRounds "5"]
[EventCountry "ENG"]

1. d4 d5 2. Nc3 Nf6 3. Bf4 a6 4. e3 e6 5. Nf3 c5 6. Ne5 Be7 7. dxc5 Bxc5 8. Qd2 b5
9. Bd3 Bb7 10. O-O O-O 11. Ne2 Qe7 12. Rad1 Nbd7 13. Nxd7 Nxd7 14. c3 Rad8 15. Bc7
Rc8 16. Bg3 Nb6 17. Nd4 e5 18. Nb3 f6 19. Nxc5 Qxc5 20. Qe2 g6 21. h4 Rce8 22. Bb1
f5 23. f4 Nc4 24. Rd3 d4 25. exd4 exd4 26. Qf2 Qc6 27. cxd4 Ne3 28. Rc3 Qd5 29. Re1
Nxg2 30. Rxe8 Rxe8 31. Bc2 Nxf4 32. Bb3 Nh3+ 33. Kf1 Nxf2 34. Bxd5+ Bxd5 35. Kxf2
Re7 36. Be5 Kf7 37. a3 h6 38. Rg3 a5 39. Rc3 Bc4 40. Kg3 a4 41. Kf4 Re8 42. Rc1 Rg8
43. Rg1 Be6 44. Rg3 Bc4 45. Rg1 Ke6 46. Rg3 Bb3 47. Rg1 Bc2 48. Rg3 Be4 49. Rg1 Kd5
50. Rg3 Bb1 51. Rg1 Bd3 52. Rg3 Be4 53. Bf6 b4 54. axb4 Rb8  1/2-1/2

[Event "Hull 4NCL Congress"]
[Site "Canham Turner Centre"]
[Date "2023.09.10"]
[Round "5"]
[Board "18"]
[White "Skettos, Nicolas"]
[Black "Parry, Samuel A"]
[Result "1-0"]
[WhiteElo "1903"]
[BlackElo "1807"]
[PlyCount "0"]
[EventDate "2023.09.08"]
[EventRounds "5"]
[EventCountry "ENG"]

1. e4 c5 2. Nf3 d6 3. Bb5+ Nc6 4. O-O Bd7 5. Re1 Nf6 6. c3 a6 7. Bf1 Bg4 8. h3 Bxf3
9. Qxf3 g6 10. d3 Bg7 11. Be3 Nd7 12. Na3 O-O 13. Nc2 e5 14. g4 b5 15. Rad1 Qc7 16.
Qg3 Rab8 17. f4 b4 18. cxb4 Nxb4 19. Nxb4 Rxb4 20. b3 exf4 21. Qxf4 Bd4 22. Bxd4
Rxd4 23. Rc1 Ne5 24. Qe3 Rb8 25. Be2 Qa5 26. Ra1 Qc3 27. Rec1 Qb2 28. Rcb1 Qa3 29.
h4 Kg7 30. h5 Qa5 31. Kg2 f6 32. hxg6 hxg6 33. Rh1 Nf7 34. Raf1 Qd8 35. Qh3 Qh8 36.
Qg3 Qg8 37. Qh4 g5 38. Qf2 Qd8 39. Qf5 Ne5 40. Qh7+ Kf8 41. Rh6 Nd7 42. Rg6 Ke8 43.
Qg8+ Nf8 44. Rgxf6  1-0

[Event "Hull 4NCL Congress"]
[Site "Canham Turner Centre"]
[Date "2023.09.10"]
[Round "5"]
[Board "19"]
[White "Bhatia, Kanishka"]
[Black "Ravikumar, Pranava"]
[Result "0-1"]
[WhiteElo "1660"]
[BlackElo "1803"]
[PlyCount "0"]
[EventDate "2023.09.08"]
[EventRounds "5"]
[EventCountry "ENG"]

1. d4 Nf6 2. c4 e6 3. Nc3 c5 4. d5 exd5 5. cxd5 d6 6. e4 g6 7. Bb5+ Nbd7 8. Nge2
a6 9. Bxd7+ Nxd7 10. Qa4 Rb8 11. Bf4 b5 12. Qc2 Qe7 13. O-O Bg7 14. Nd1 c4 15. Rc1
Nc5 16. f3 Nd3 17. Rb1 Nxf4 18. Nxf4 O-O 19. b3 cxb3 20. Qxb3 a5 21. Kh1 Ba6 22.
Ne3 b4 23. Rfd1 Qd7 24. Nc2 Rfc8 25. Nd4 Bc4 26. Qb2 Qa7 27. Qf2 Bxd4 28. Rxd4 Bxa2
29. Qxa2 Qxd4 30. Qxa5 b3 31. h3 b2 32. Qa3 Qd2 33. Qxd6 Qc2 34. Rg1 b1=Q 35. Rxb1
Rxb1+ 36. Kh2 Qc7 37. Qf6 Rb6 38. Qg5 f6 39. Qg4 g5 40. e5 Re8 41. d6 Rxd6 42. exf6
Rd5 43. f7+ Qxf7 44. Nxd5 Qxd5 45. h4 Qe5+ 46. Kh3 Qe6 47. hxg5 Qxg4+ 48. Kxg4 Kg7
49. f4 Re4 50. Kf3 Ra4 51. g4 Kg6 52. Kg3 Rb4 53. Kf3 Rb3+ 54. Ke4 Rg3 55. Ke5 Rxg4
56. f5+ Kxg5 57. f6 Rf4  0-1

[Event "Hull 4NCL Congress"]
[Site "Canham Turner Centre"]
[Date "2023.09.10"]
[Round "5"]
[Board "20"]
[White "Ilett, Raymond J"]
[Black "Raynes, Paul"]
[Result "0-1"]
[WhiteElo "1781"]
[BlackElo "1962"]
[PlyCount "0"]
[EventDate "2023.09.08"]
[EventRounds "5"]
[EventCountry "ENG"]

1. d4 Nf6 2. c4 Nc6 3. Nf3 e6 4. Nc3 Bb4 5. Qc2 d6 6. e4 e5 7. d5 Bxc3+ 8. bxc3 Ne7
9. Be2 Ng6 10. O-O b6 11. a4 a5 12. Ne1 O-O 13. Qd3 Nd7 14. Be3 Nc5 15. Bxc5 bxc5
16. g3 f5 17. Bf3 Qe7 18. exf5 Bxf5 19. Be4 Bxe4 20. Qxe4 Rf7 21. Rb1 Raf8 22. Rb5
Qg5 23. Ng2 Rf3 24. Rxa5 Rxc3 25. Ra7 Qd8 26. f4 Qb8 27. Ra5 Qb4 28. Ra7 Rxc4 29.
Qb1 exf4 30. Rxc7 f3 31. Qa1 Ne5 32. Nf4 Qd2 33. Qd1 Qe3+ 34. Kh1 f2 35. Ne6 Qe4+
 0-1

[Event "Hull 4NCL Congress"]
[Site "Canham Turner Centre"]
[Date "2023.09.10"]
[Round "5"]
[Board "21"]
[White "Chesters, Graham"]
[Black "Walker, Jack"]
[Result "1/2-1/2"]
[WhiteElo "1996"]
[BlackElo "1811"]
[PlyCount "0"]
[EventDate "2023.09.08"]
[EventRounds "5"]
[EventCountry "ENG"]

1. c4 Nf6 2. g3 e6 3. Bg2 d5 4. d4 c5 5. Nf3 cxd4 6. Nxd4 e5 7. Nf3 d4 8. O-O Nc6
9. e3 Be7 10. exd4 exd4 11. a3 Be6 12. Nbd2 Qd7 13. b4 O-O 14. Bb2 Rfd8 15. Rc1 Rac8
16. Re1 Bf8 17. Nb3 a6 18. Nbxd4 Nxd4 19. Bxd4 Rxc4 20. Bxf6 Qxd1 21. Rcxd1 Rxd1
22. Rxd1 gxf6 23. Nd4 Bc8 24. Bd5 Rc3 25. Be4 Rc4 26. Bg2 Rc3 27. Nb3 Be6 28. Bd5
Bc8  1/2-1/2

[Event "Hull 4NCL Congress"]
[Site "Canham Turner Centre"]
[Date "2023.09.10"]
[Round "5"]
[Board "22"]
[White "Rich, Aaron"]
[Black "Bettley, Andrew D"]
[Result "1/2-1/2"]
[WhiteElo "1599"]
[BlackElo "1473"]
[PlyCount "0"]
[EventDate "2023.09.08"]
[EventRounds "5"]
[EventCountry "ENG"]

1. b3 d5 2. Bb2 Nf6 3. e3 e6 4. f4 c5 5. Nf3 Nc6 6. Bb5 Bd7 7. O-O Bd6 8. Bxc6 Bxc6
9. Ne5 O-O 10. d3 Nd7 11. Nd2 f6 12. Nxc6 bxc6 13. e4 Qe8 14. Qg4 Qf7 15. f5 exf5
16. Rxf5 Qg6 17. Qxg6 hxg6 18. Rf3 Rfe8 19. h3 Re6 20. Raf1 Rae8 21. a4 Bc7 22. Bc3
Rd8 23. g4 g5 24. Re1 Rde8 25. Kg2 Bf4 26. Rf2 Kf7  1/2-1/2

[Event "Hull 4NCL Congress"]
[Site "Canham Turner Centre"]
[Date "2023.09.08"]
[Round "1"]
[Board "1"]
[White "Georgiou, Denis"]
[Black "De Coverly, Roger D"]
[Result "0-1"]
[WhiteElo "1825"]
[BlackElo "1886"]
[PlyCount "98"]
[EventDate "2023.09.08"]
[EventRounds "5"]
[EventCountry "ENG"]

1. e4 c5 2. Nf3 a6 3. c4 e6 4. Nc3 Qc7 5. d4 cxd4 6. Nxd4 Nf6 7. Bd3 b6 8. Qe2 d6
9. O-O Be7 10. f4 Nbd7 11. Kh1 Bb7 12. Bd2 O-O 13. b3 Rfe8 14. Rae1 e5 15. Nf5 Bf8
16. Ne3 exf4 17. Rxf4 Ne5 18. Qf1 Nxd3 19. Qxd3 b5 20. Ncd5 Bxd5 21. Nxd5 Nxd5 22.
cxd5 g6 23. Rc1 Qd7 24. Bc3 Bh6 25. Qd4 Re5 26. Qf2 Bxf4 27. Qxf4 Rae8 28. Bxe5 Rxe5
29. Rc6 f5 30. h3 fxe4 31. Rxa6 e3 32. Ra8+ Re8 33. Rxe8+ Qxe8 34. Qf1 Qe5 35. Qe2
b4 36. Kg1 Kg7 37. Kf1 Qa1+ 38. Qe1 Qd4 39. Ke2 Kf6 40. Qc1 Ke5 41. Qxe3+ Qxe3+ 42.
Kxe3 Kxd5 43. Kd3 g5 44. g3 h5 45. h4 g4 46. Ke3 Ke5 47. Kd3 d5 48. a4 bxa3 49. Kc3
d4+  0-1

[Event "Hull 4NCL Congress"]
[Site "Canham Turner Centre"]
[Date "2023.09.08"]
[Round "1"]
[Board "2"]
[White "Brocklehurst, Andrew"]
[Black "May, Paul"]
[Result "1-0"]
[WhiteElo "1805"]
[BlackElo "1736"]
[PlyCount "39"]
[EventDate "2023.09.08"]
[EventRounds "5"]
[EventCountry "ENG"]

1. e4 c5 2. Nf3 a6 3. d4 cxd4 4. Bc4 e5 5. c3 Qc7 6. Bb3 dxc3 7. Nxc3 Bb4 8. O-O
Nf6 9. Ng5 O-O 10. Nxf7 Rxf7 11. Bxf7+ Kxf7 12. Qb3+ d5 13. Qxb4 d4 14. Nd5 Qd8 15.
Nxf6 gxf6 16. f4 Kg7 17. fxe5 fxe5 18. Qb3 Qe7 19. Qg3+ Kh8 20. Bg5  1-0

[Event "Hull 4NCL Congress"]
[Site "Canham Turner Centre"]
[Date "2023.09.08"]
[Round "1"]
[Board "3"]
[White "Wheeler, Tim"]
[Black "Usifoh, Kristian C"]
[Result "0-1"]
[WhiteElo "1694"]
[BlackElo "1967"]
[PlyCount "82"]
[EventDate "2023.09.08"]
[EventRounds "5"]
[EventCountry "ENG"]

1. e4 c6 2. d4 d5 3. e5 Bf5 4. Nf3 e6 5. Be2 c5 6. Be3 Qb6 7. Nc3 Nc6 8. O-O c4 9.
b3 Qa5 10. Na4 h6 11. c3 b5 12. Nc5 Bxc5 13. dxc5 Qxc3 14. bxc4 bxc4 15. Qa4 Nge7
16. Nd4 Qa5 17. Bd1 Qxa4 18. Bxa4 Kd7 19. Nxf5 Nxf5 20. g4 Nfe7 21. Rab1 Rab8 22.
f4 Rxb1 23. Rxb1 Kc7 24. Kf2 Rb8 25. Rxb8 Kxb8 26. Bd2 d4 27. Bb5 c3 28. Bc1 Kc7
29. Ke2 Nd5 30. a3 g5 31. fxg5 hxg5 32. Bxg5 Nxe5 33. h4 f6 34. Bc1 Nxg4 35. h5 f5
36. h6 Ndf6 37. Bg5 e5 38. Ba4 e4 39. Be8 d3+ 40. Kf1 e3 41. Bg6 c2  0-1

[Event "Hull 4NCL Congress"]
[Site "Canham Turner Centre"]
[Date "2023.09.08"]
[Round "1"]
[Board "4"]
[White "Garnett, John S"]
[Black "Dean, Robert A"]
[Result "1/2-1/2"]
[WhiteElo "1826"]
[BlackElo "1716"]
[PlyCount "62"]
[EventDate "2023.09.08"]
[EventRounds "5"]
[EventCountry "ENG"]

1. d4 d5 2. c4 c6 3. Nf3 Nf6 4. Nc3 e6 5. Bg5 dxc4 6. a4 Bb4 7. Bxf6 Qxf6 8. e3 b5
9. Nd2 Bxc3 10. bxc3 Nd7 11. Be2 Nb6 12. Bf3 Nd5 13. Qc2 Qe7 14. O-O Bb7 15. e4 Nf6
16. d5 a6 17. dxc6 Bxc6 18. axb5 axb5 19. Rxa8+ Bxa8 20. Qa2 O-O 21. Ra1 Bc6 22.
e5 Nd5 23. Ne4 h6 24. Qb2 Rb8 25. Nd6 Rf8 26. Ne4 b4 27. cxb4 Nxb4 28. Nd6 Nd3 29.
Qe2 Bxf3 30. Qxf3 Nxe5 31. Qe2 Nd3  1/2-1/2

[Event "Hull 4NCL Congress"]
[Site "Canham Turner Centre"]
[Date "2023.09.08"]
[Round "1"]
[Board "5"]
[White "Macphail, Kieran"]
[Black "Tedd, Bernie"]
[Result "1/2-1/2"]
[WhiteElo "1666"]
[BlackElo "1948"]
[PlyCount "106"]
[EventDate "2023.09.08"]
[EventRounds "5"]
[EventCountry "ENG"]

1. e4 d5 2. exd5 Qxd5 3. Nc3 Qa5 4. d4 Nf6 5. Nf3 Bf5 6. Ne5 c6 7. Bc4 e6 8. g4 Bg6
9. h4 Nbd7 10. Nxd7 Nxd7 11. h5 Be4 12. O-O Bd5 13. Nxd5 cxd5 14. Bd3 Qb6 15. c3
Bd6 16. Qe2 O-O-O 17. c4 Qxd4 18. Be3 Qe5 19. f4 Qxe3+ 20. Qxe3 Bc5 21. Kf2 Bxe3+
22. Kxe3 dxc4 23. Bxc4 Nb6 24. Bb3 Kb8 25. Rfd1 Rxd1 26. Rxd1 Kc7 27. Ke4 Nd7 28.
Rc1+ Kd6 29. Rd1+ Ke7 30. Rc1 Nf6+ 31. Kf3 Rd8 32. Rc7+ Rd7 33. Rc3 Nd5 34. Bxd5
Rxd5 35. Rc7+ Rd7 36. Rc3 f6 37. Ke4 h6 38. a4 a6 39. a5 Kd6 40. Rb3 b5 41. axb6
Kc6 42. g5 fxg5 43. fxg5 hxg5 44. Ke5 Rb7 45. Kxe6 g4 46. Kf5 a5 47. Kxg4 a4 48.
Rb4 Kc5 49. Rxa4 Rxb6 50. b4+ Kd5 51. Ra5+ Ke6 52. b5 Kf7 53. Ra7+ Kg8  1/2-1/2

[Event "Hull 4NCL Congress"]
[Site "Canham Turner Centre"]
[Date "2023.09.08"]
[Round "1"]
[Board "6"]
[White "Obi, Okwose Marc"]
[Black "Cawston, M John"]
[Result "1-0"]
[WhiteElo "1779"]
[BlackElo "1692"]
[PlyCount "74"]
[EventDate "2023.09.08"]
[EventRounds "5"]
[EventCountry "ENG"]

1. e4 e6 2. d4 d5 3. e5 c5 4. c3 Nc6 5. Nf3 Bd7 6. Bd3 Qb6 7. dxc5 Bxc5 8. O-O Nh6
9. b4 Be7 10. a4 Ng4 11. Bf4 Rc8 12. h3 Nh6 13. Bxh6 gxh6 14. Qd2 Bf8 15. Na3 Bg7
16. a5 Qd8 17. Nb5 O-O 18. Rfe1 f5 19. Rac1 Qe7 20. Nbd4 a6 21. Nb3 Rc7 22. Bb1 Rfc8
23. g4 fxg4 24. hxg4 Be8 25. Kg2 Bg6 26. Re3 Nxb4 27. Bxg6 hxg6 28. cxb4 Rxc1 29.
Nxc1 Rc4 30. Kg3 Qxb4 31. Qxb4 Rxb4 32. Nb3 Kf7 33. Nbd4 b5 34. axb6 Rxb6 35. Rc3
Bf8 36. Rc7+ Be7 37. Nc6 Ke8  1-0

[Event "Hull 4NCL Congress"]
[Site "Canham Turner Centre"]
[Date "2023.09.08"]
[Round "1"]
[Board "7"]
[White "Matthews, Chris J"]
[Black "Thackray, John"]
[Result "1-0"]
[WhiteElo "1781"]
[BlackElo "1745"]
[PlyCount "87"]
[EventDate "2023.09.08"]
[EventRounds "5"]
[EventCountry "ENG"]

1. d4 d5 2. Nf3 Nf6 3. h4 Bf5 4. Bf4 e6 5. Nbd2 c5 6. c3 Nc6 7. e3 cxd4 8. exd4 Bd6
9. Ne5 h6 10. Bb5 Bxe5 11. Bxe5 O-O 12. Bxf6 Qxf6 13. g4 Bh7 14. Nf3 Be4 15. Rh3
Bxf3 16. Qxf3 Qxf3 17. Rxf3 e5 18. dxe5 Nxe5 19. Rg3 a6 20. Bd3 Nxd3+ 21. Rxd3 Rfe8+
22. Kf1 Re4 23. f3 Rf4 24. Re1 h5 25. gxh5 Rxh4 26. Rxd5 Rh1+ 27. Kf2 Rh2+ 28. Kg3
Rxb2 29. Re7 Rf8 30. a4 Rb3 31. c4 Rb4 32. c5 Rxa4 33. Rxb7 Ra5 34. Rc7 Rb5 35. Rd6
a5 36. Ra6 Re8 37. Raa7 Re5 38. f4 Rf5 39. c6 g5 40. hxg6 Rb3+ 41. Kg4 fxg6 42. Rc8+
Rf8 43. Rxf8+ Kxf8 44. c7  1-0

[Event "Hull 4NCL Congress"]
[Site "Canham Turner Centre"]
[Date "2023.09.08"]
[Round "1"]
[Board "8"]
[White "Bielby, Paul R"]
[Black "Li, Xiaofan"]
[Result "1/2-1/2"]
[WhiteElo "1786"]
[BlackElo "1512"]
[PlyCount "121"]
[EventDate "2023.09.08"]
[EventRounds "5"]
[EventCountry "ENG"]

1. e4 c6 2. d4 d5 3. exd5 cxd5 4. c4 Nf6 5. Nc3 Nc6 6. Nf3 Bg4 7. Be2 e6 8. Bg5 Be7
9. O-O O-O 10. a3 dxc4 11. Bxc4 Bxf3 12. Qxf3 Qxd4 13. Bb5 Qb6 14. Bxc6 Qxc6 15.
Qxc6 bxc6 16. Rac1 h6 17. Bh4 Rab8 18. b4 a5 19. Ne4 axb4 20. Nxf6+ Bxf6 21. Bxf6
gxf6 22. axb4 Rfc8 23. Rc4 Rb6 24. Rfc1 Kg7 25. Kf1 f5 26. Ke2 e5 27. f3 f6 28. g4
f4 29. Kd3 Rcb8 30. Rxc6 Rxc6 31. Rxc6 Rxb4 32. h4 Rb3+ 33. Ke2 Kg6 34. Rc8 e4 35.
fxe4 Rg3 36. Rg8+ Kf7 37. Ra8 Rxg4 38. h5 Rg3 39. Kf2 Rh3 40. Ra5 Re3 41. Ra7+ Ke6
42. Rh7 Rxe4 43. Rxh6 Re3 44. Rh8 Rh3 45. Kg2 Rh4 46. Kf3 Kf5 47. h6 Kg6 48. Rg8+
Kh7 49. Rg4 Rxh6 50. Kxf4 Rh5 51. Rg3 Kh6 52. Rg8 Rg5 53. Rxg5 fxg5+ 54. Kg4 Kg6
55. Kg3 Kf5 56. Kf3 g4+ 57. Kg3 Kg5 58. Kg2 Kf4 59. Kf2 Ke5 60. Kg3 Ke4 61. Kxg4
 1/2-1/2

[Event "Hull 4NCL Congress"]
[Site "Canham Turner Centre"]
[Date "2023.09.08"]
[Round "1"]
[Board "9"]
[White "Tomlinson, Zak"]
[Black "Turner, Tim M"]
[Result "0-1"]
[WhiteElo "1698"]
[BlackElo "1771"]
[PlyCount "48"]
[EventDate "2023.09.08"]
[EventRounds "5"]
[EventCountry "ENG"]

1. e4 c5 2. c3 Nf6 3. e5 Nd5 4. d4 cxd4 5. cxd4 e6 6. Nf3 d6 7. Bd2 Bd7 8. Nc3 Nxc3
9. Bxc3 Bc6 10. Be2 Nd7 11. O-O Be7 12. exd6 Bxd6 13. d5 Bxd5 14. Bxg7 Rg8 15. Bc3
Rxg2+ 16. Kxg2 Qg5+ 17. Kh1 Qf4 18. Kg1 Ke7 19. Ne5 Nxe5 20. f3 Rg8+ 21. Kf2 Ng4+
22. Ke1 Nxh2 23. Rf2 Rg1+ 24. Bf1 Nxf3+  0-1

[Event "Hull 4NCL Congress"]
[Site "Canham Turner Centre"]
[Date "2023.09.08"]
[Round "1"]
[Board "10"]
[White "McDonnell, James J"]
[Black "Cheng, Louis"]
[Result "1/2-1/2"]
[WhiteElo "1730"]
[BlackElo "1644"]
[PlyCount "48"]
[EventDate "2023.09.08"]
[EventRounds "5"]
[EventCountry "ENG"]

1. e4 c5 2. Nf3 g6 3. d4 cxd4 4. Nxd4 Nc6 5. c4 Nf6 6. Nc3 Nxd4 7. Qxd4 d6 8. Be3
Bg7 9. f3 O-O 10. Qd2 Be6 11. Be2 Qa5 12. Rc1 a6 13. b3 Rfc8 14. a4 Qb4 15. Bd1 Nd7
16. O-O Nc5 17. Nb1 Qxd2 18. Nxd2 Nd3 19. Rb1 Nb4 20. f4 Na2 21. f5 Bd7 22. fxg6
hxg6 23. Bf3 Be5 24. c5 Be6  1/2-1/2